South Bucks DC v Porter and another; Chichester DC v Searle and others; Wrexham CBC v Berry; Hertsmere BC v Harty and others (Record no. 70566)
[ view plain ]
| 000 -LEADER | |
|---|---|
| fixed length control field | 01896cam a2200325 4500 |
| 001 - CONTROL NUMBER | |
| control field | ABS65647 |
| 008 - FIXED-LENGTH DATA ELEMENTS--GENERAL INFORMATION | |
| fixed length control field | 020625n2002 000 0 eng u |
| 035 ## - SYSTEM CONTROL NUMBER | |
| System control number | (Sirsi) u118520 |
| 245 ## - TITLE STATEMENT | |
| Title | South Bucks DC v Porter and another; Chichester DC v Searle and others; Wrexham CBC v Berry; Hertsmere BC v Harty and others |
| 260 ## - PUBLICATION, DISTRIBUTION, ETC. | |
| Date of publication, distribution, etc. | 2002 |
| 490 ## - SERIES STATEMENT | |
| Series statement | Weekly Law Reports |
| Volume/sequential designation | [2002] 1 WLR 1359-1383(24) |
| 520 ## - SUMMARY, ETC. | |
| Summary, etc. | Four cases in which the defendant gypsies appealed against injunctions granted to local planning authorities under the Town and Country Planning Act s187B to restrain a breach of planning control. The gypsies were living in mobile homes on land that they occupied in breach of planning control. They argued that the courts granting the injunctions failed to consider, as well as relevant planning considerations, the probably effect of the order on their human rights under the Human Rights Act 1998 s6(1) and the Convention. "Held" the first three appeals were allowed but the fourth was dismissed. Full copy of judgement available on Court Service website http://www.courtservice.gov.uk/View.do?id=124&searchTerm=South+Buckinghamshire&ascending=false&index=18&maxIndex=53. |
| 590 ## - LOCAL NOTE (RLIN) | |
| Local note | ABS |
| 650 ## - SUBJECT ADDED ENTRY--TOPICAL TERM | |
| Topical term or geographic name entry element | HUMAN RIGHTS |
| 650 ## - SUBJECT ADDED ENTRY--TOPICAL TERM | |
| Topical term or geographic name entry element | GYPSIES |
| 650 ## - SUBJECT ADDED ENTRY--TOPICAL TERM | |
| Topical term or geographic name entry element | MOBILE HOMES |
| 650 ## - SUBJECT ADDED ENTRY--TOPICAL TERM | |
| Topical term or geographic name entry element | PLANNING CONTROL |
| 650 ## - SUBJECT ADDED ENTRY--TOPICAL TERM | |
| Topical term or geographic name entry element | INJUNCTIONS |
| 650 ## - SUBJECT ADDED ENTRY--TOPICAL TERM | |
| Topical term or geographic name entry element | SOUTH BUCKINGHAMSHIRE DC V PORTER AND ANOTHER |
| 650 ## - SUBJECT ADDED ENTRY--TOPICAL TERM | |
| Topical term or geographic name entry element | CHICHESTER DC V SEARLE AND OTHERS |
| 650 ## - SUBJECT ADDED ENTRY--TOPICAL TERM | |
| Topical term or geographic name entry element | WREXHAM CBC V BERYY |
| 650 ## - SUBJECT ADDED ENTRY--TOPICAL TERM | |
| Topical term or geographic name entry element | HERTSMERE BC V HARTY AND OTHERS |
| 650 ## - SUBJECT ADDED ENTRY--TOPICAL TERM | |
| Topical term or geographic name entry element | HUMAN RIGHTS ACT 1998 S6(1) |
| 650 ## - SUBJECT ADDED ENTRY--TOPICAL TERM | |
| Topical term or geographic name entry element | TOWN AND COUNTRY PLANNING ACT 1990 S187(B) |
| 650 ## - SUBJECT ADDED ENTRY--TOPICAL TERM | |
| Topical term or geographic name entry element | INJUNCTIVE RELIEF |
| 650 ## - SUBJECT ADDED ENTRY--TOPICAL TERM | |
| Topical term or geographic name entry element | BREACH |
| 690 ## - LOCAL SUBJECT ADDED ENTRY--TOPICAL TERM (OCLC, RLIN) | |
| Topical term or geographic name as entry element | Planning and development |
| 9 (RLIN) | 6259 |
| 856 ## - ELECTRONIC LOCATION AND ACCESS | |
| Uniform Resource Identifier | <a href="https://www.courtservice.gov.uk/View.do?id=124&searchTerm=South+Buckinghamshire&ascending=false&index=18&maxIndex=53">https://www.courtservice.gov.uk/View.do?id=124&searchTerm=South+Buckinghamshire&ascending=false&index=18&maxIndex=53</a> |
| 942 ## - ADDED ENTRY ELEMENTS (KOHA) | |
| Suppress in OPAC | 0 |
| Withdrawn status | Lost status | Source of classification or shelving scheme | Damaged status | Not for loan | Home library | Current library | Shelving location | Date acquired | Total Checkouts | Full call number | Barcode | Date last seen | Copy number | Price effective from | Koha item type |
|---|---|---|---|---|---|---|---|---|---|---|---|---|---|---|---|
| Dewey Decimal Classification | London | London | Journal article | 25/06/2002 | ABS65647 | 118520-1001 | 06/08/2019 | 1 | 06/08/2019 | Law report |